LDR 01007nam a2200229 i 4500 001 000000146799 003 CaOOAMICUS 005 20260331154505.0 008 060117s1985 it u000 u ita u 040 $aSeMil$bita 245 10$aCambridge. Dizionario italiano-inglese, inglese-italiano. 264 1$aMilano :$bSignorelli,$c1985. 300 $a2276 p. ;$c25 cm. 500 $aIn mezzo al front.: Dal "Cambridge Italian Dictionary" di Barbara Reynolds, Cambridge University press 650 4$aLingua inglese - Dizionari, vocabolari, glossari, etc.$0(OLS)http://semarc/subject/335 700 1 $aReynolds, Barbara.$0(OLS)http://semarc/name/58359 850 $aSeMil 852 $aSeMil$W1$xVenegono$y1$m1P VI 23$j269462$B99417$CSeMilBibl$Z2$F108091 $81 961 $aLascito: Mondonico don Giorgio 996 $6245$aCambridge. Dizionario italiano-inglese, inglese-italiano$9(OLS)http://semarc/title/214678 996 $6264$aMilano :$bSignorelli$9(OLS)http://semarc/publisher/31508